Poemas y canciones
সংরক্ষণ করুন:
| প্রধান লেখক: | |
|---|---|
| বিন্যাস: | গ্রন্থ |
| ভাষা: | Undetermined |
| প্রকাশিত: |
Madrid, España
Editora Nacional
1968
|
| বিষয়গুলি: | |
| ট্যাগগুলো: |
ট্যাগ যুক্ত করুন
কোনো ট্যাগ নেই, প্রথমজন হিসাবে ট্যাগ করুন!
|
MARC
| LEADER | 00000nam a2200000Ia 4500 | ||
|---|---|---|---|
| 008 | 170316s9999 xx 000 0 und d | ||
| 040 | |a cru BVZT | ||
| 090 | |a 862 G-36p | ||
| 100 | |a González-Haba, Manuela | ||
| 245 | |a Poemas y canciones | ||
| 260 | |a Madrid, España |b Editora Nacional |c 1968 | ||
| 300 | |a 65 páginas | ||
| 650 | |a LITERATURA ESPAÑOLA | ||
| 942 | |c 15 D | ||
| 999 | |c 9927 |d 9927 | ||
